000 00538nam a2200193Ia 4500
008 151119s9999||||xx |||||||||||||| ||und||
082 _a891.464
082 _bGKKV2601
100 _aखरे मोटे शकुंतला
245 _aजीवन मरण
260 _a--
260 _b--
260 _c0
600 _aखरे मोटे शकुंतला
630 _aजीवन मरण
700 _aखरे मोटे शकुंतला
730 _aजीवन मरण
942 _cBOOK
999 _c1058507
_d1058504